Ojibwe sky star map constellation guidebook : an ... Read More
Available copies
- 1 of 1 copy available at LARL/NWRL Consortium.
- 1 of 1 copy available at Lake Agassiz Regional Library. (Show preferred library)
Current holds
0 current holds with 1 total copy.
Show Only Available Copies
| Location | Call Number / Copy Notes | Barcode | Shelving Location | Status | Due Date |
|---|---|---|---|---|---|
| Barnesville Public Library | 970.3 OJI (Text) | 33500013441290 | Main | Available | - |
Record details
- ISBN: 9780615986784
- ISBN: 0615986781
- Physical Description: 45 pages : color illustrations, maps ; 22 cm
- Publisher: [St. Cloud, MN] : [Native Skywatchers], 2014.
- Manufacturer: North Rocks, CA : Lightning Source-Ingram Spark
- Copyright: ©2014
Content descriptions
| General Note: | MN American Indian literature. "All text, illustrations, and photos by Annette S. Lee and William Wilson, except where otherwise ... Read More Appendix includes Ojibwe celestial vocabulary. |
| Bibliography, etc. Note: | Includes bibliographical references (page 45). |
| Summary, etc.: | "This book is an outgrowth of Native Skywatchers ... Read More |
Search for related items by subject
| Genre: | Celestial charts. Celestial charts. |
| LDR | 03123cam a2200601Ii 4500 | ||
|---|---|---|---|
| 001 | 295156 | ||
| 003 | LARL_NWRL_CONSORTIUM | ||
| 005 | 20180814163732.0 | ||
| 008 | 150309s2014 mnuab b 000 0 eng d | ||
| 040 | . | ‡aMST ‡beng ‡erda ‡cMST ‡dMST ‡dMNM ‡dOCLCQ ‡dOCLCO ‡dMND ‡dOCLCQ ‡dJG0 ‡dNDS ‡dRRC ‡dOCLCF ‡dOCLCA | |
| 020 | . | ‡a9780615986784 ‡q(paperback) | |
| 020 | . | ‡a0615986781 ‡q(paperback) | |
| 035 | . | ‡a(OCoLC)904573945 | |
| 043 | . | ‡an------ ‡an-us-mn | |
| 245 | 1 | 0. | ‡aOjibwe sky star map constellation guidebook : ‡ban introduction to Ojibwe Star knowledge / ‡cAnnette S. Lee, William Wilson, Jeff Tibbetts, Carl Gawboy. |
| 246 | 1 | . | ‡iAt head of title: ‡aOjibwe Giizhig Anang Masinaa'igan |
| 246 | 1 | . | ‡iSubtitle on cover: ‡aOjibwe Giizhig Anung Masinaa'igan |
| 264 | 1. | ‡a[St. Cloud, MN] : ‡b[Native Skywatchers], ‡c2014. | |
| 264 | 3. | ‡aNorth Rocks, CA : ‡bLightning Source-Ingram Spark | |
| 264 | 4. | ‡c©2014 | |
| 300 | . | ‡a45 pages : ‡bcolor illustrations, maps ; ‡c22 cm | |
| 336 | . | ‡atext ‡btxt ‡2rdacontent | |
| 336 | . | ‡astill image ‡bsti ‡2rdacontent | |
| 337 | . | ‡aunmediated ‡bn ‡2rdamedia | |
| 338 | . | ‡avolume ‡bnc ‡2rdacarrier | |
| 500 | . | ‡aMN American Indian literature. | |
| 500 | . | ‡a"All text, illustrations, and photos by Annette S. Lee and William Wilson, except where otherwise credited."--Title page verso. | |
| 500 | . | ‡aAppendix includes Ojibwe celestial vocabulary. | |
| 504 | . | ‡aIncludes bibliographical references (page 45). | |
| 520 | . | ‡a"This book is an outgrowth of Native Skywatchers research and programming ... We seek to address the crisis of the loss of the indigenous star knowledge, specifically the Dakota and Ojibwe who are the native peoples of Minnesota ... Together, we have created two astronomically accurate and culturally important star maps, Ojibwe Giizhig Anang Masinaa'igan - Ojibwe Sky Star Map and Makoce Wicanhpi Wowapi - D(Lakota) Sky Star Map, which were first disseminated to regional educators at a Native Skywatchers Middle School Teacher workshop in June 2012"--Introduction. | |
| 650 | 0. | ‡aIndian astronomy ‡zNorth America. | |
| 650 | 0. | ‡aIndian astronomy ‡zMinnesota. | |
| 650 | 0. | ‡aOjibwa mythology. ‡0(LARL_NWRL_CONSORTIUM)39617 | |
| 650 | 0. | ‡aConstellations ‡xMythology. | |
| 650 | 0. | ‡aStars ‡xMythology. ‡0(LARL_NWRL_CONSORTIUM)31840 | |
| 650 | 4. | ‡aOjibwa astronomy. | |
| 650 | 4. | ‡aOjibwa calendar. | |
| 650 | 7. | ‡aIndian astronomy. ‡2fast ‡0(LARL_NWRL_CONSORTIUM)39410 | |
| 650 | 7. | ‡aOjibwa mythology. ‡2fast ‡0(LARL_NWRL_CONSORTIUM)39617 | |
| 650 | 7. | ‡aStars ‡xMythology. ‡2fast ‡0(LARL_NWRL_CONSORTIUM)31840 | |
| 651 | 7. | ‡aMinnesota. ‡2fast ‡0(LARL_NWRL_CONSORTIUM)55629 | |
| 651 | 7. | ‡aNorth America. ‡2fast ‡0(LARL_NWRL_CONSORTIUM)178598 | |
| 655 | 7. | ‡aCelestial charts. ‡2lcgft | |
| 655 | 7. | ‡aCelestial charts. ‡2fast | |
| 700 | 1 | . | ‡aLee, Annette S., ‡eauthor, ‡eillustrator. |
| 700 | 1 | . | ‡aWilson, William ‡c(Artist), ‡eauthor, ‡eillustrator. |
| 700 | 1 | . | ‡aTibbetts, Jeffrey, ‡eauthor. |
| 700 | 1 | . | ‡aGawboy, Carl, ‡eauthor. |
| 710 | 2 | . | ‡aNative Skywatchers. |
| 901 | . | ‡a295156 ‡b ‡c295156 ‡tbiblio | |

Add to basket
Permalink
Disable Highlighting